LIBRARY & INFORMATION CENTRE, KCAET, TAVANUR

ONLINE PUBLIC ACCESS CATALOGUE (OPAC)

Gardens / (Record no. 10520)

MARC details
000 -LEADER
fixed length control field 00361cam a2200145ua 4500
041 ## - LANGUAGE CODE
Language code of text/sound track or separate title eng
082 ## - DEWEY DECIMAL CLASSIFICATION NUMBER
Classification number 635.9
Item number FUT/GA
100 ## - MAIN ENTRY--AUTHOR NAME
Personal name Futhehally, Lacca .
245 ## - TITLE STATEMENT
Title Gardens /
260 ## - PUBLICATION, DISTRIBUTION, ETC. (IMPRINT)
Place of publication India :
Name of publisher National Book Trust ,
Year of publication 1990.
300 ## - PHYSICAL DESCRIPTION
Number of Pages 70 :
Other physical details 506 ; .
942 ## - ADDED ENTRY ELEMENTS (KOHA)
Koha item type Books
Holdings
Withdrawn status Lost status Damaged status Home library Current library Date acquired Full call number Accession Number Koha item type
      KAUAET KAUAET 07/04/2012 635.9 19552 Books
free website counter